000 01084nam a2200289 i 4500
003 DO-SdBNP
005 20251008110252.0
007 ta
008 251008b1952 pe ||||| |||| 00| 0 spa d
040 _aDO-SdBNP
_bspa
_cBNPHU
_erda
041 _aspa
082 4 _axxx
_bV182m
_222
100 1 _aMonguió, Luis
_eautor
_4aut.
_988671
245 1 0 _aCésar Vallejo :
_bvida y obra /
_cLuis Monguió.
250 _aPrimera edición
264 4 _aLima :
_bEditora Perú Nuevo,
_c©1952
300 _a252 páginas ;
_c21 cm.
336 _atexto
_btxt
_2rdacontent
337 _asin mediación
_bn
_2rdamedia
338 _avolumen
_bnc
_2rdacarrier
500 _aIncluye referencias bibliográficas y notas al pie de las páginas
590 _aInventariado, 2025 /LP
600 1 0 _aVallejo, César,
_d1892-1938.
_915588
600 1 4 _aVallejo, César
_d1892-1938
_xBiobibliografía
_988672
600 1 4 _aVallejo, César
_d1892-1938
_xCrítica e interpretación
_988673
942 _2ddc
_cLBS1
999 _c59927
_d59927